000 00298nam a22001337a 4500
008 190205b xxu||||| |||| 00| 0 eng d
020 _a0201023784
041 _aeng
080 _a510
100 _a36
101 _aMAT
245 _aCalculus and Analytic Geometry
_cThomas,G.B
942 _2udc
_cBK
999 _c53952
_d53952